000 00578nam a2200181Ia 4500
008 151018s9999 xx 000 0 und d
082 _bRBASDV17284
_a891.464
100 _aवसंत देशमुख
245 _aसरकारी दिवस
250 _b1
260 _bमुक्ता प्रकाशन रायगड
_c1982
300 _a311
600 _aवसंत देशमुख
630 _aसरकारी दिवस
700 _aवसंत देशमुख
730 _aसरकारी दिवस
942 _cBOOK
999 _c1017967
_d1017964